Principles of Genetics (Record no. 149)

MARC details
000 -LEADER
fixed length control field 01232cam a2200361 a 4500
001 - CONTROL NUMBER
control field 15418123
003 - CONTROL NUMBER IDENTIFIER
control field OSt
005 - DATE AND TIME OF LATEST TRANSACTION
control field 20191031152302.0
008 - FIXED-LENGTH DATA ELEMENTS--GENERAL INFORMATION
fixed length control field 080819s2009 njua b 001 0 eng
010 ## - LIBRARY OF CONGRESS CONTROL NUMBER
LC control number 2008036127
015 ## - NATIONAL BIBLIOGRAPHY NUMBER
National bibliography number GBA8B8631
Source bnb
015 ## - NATIONAL BIBLIOGRAPHY NUMBER
National bibliography number GBA930225
Source bnb
016 7# - NATIONAL BIBLIOGRAPHIC AGENCY CONTROL NUMBER
Record control number 014777215
Source Uk
016 7# - NATIONAL BIBLIOGRAPHIC AGENCY CONTROL NUMBER
Record control number 014937256
Source Uk
020 ## - INTERNATIONAL STANDARD BOOK NUMBER
International Standard Book Number 9780470388259 (cloth)
020 ## - INTERNATIONAL STANDARD BOOK NUMBER
International Standard Book Number 0470388250 (cloth)
020 ## - INTERNATIONAL STANDARD BOOK NUMBER
International Standard Book Number 9780470398425 (pbk.)
020 ## - INTERNATIONAL STANDARD BOOK NUMBER
International Standard Book Number 0470398426 (pbk.)
035 ## - SYSTEM CONTROL NUMBER
System control number (OCoLC)ocn234432303
040 ## - CATALOGING SOURCE
Original cataloging agency DLC
Transcribing agency DLC
Modifying agency BTCTA
-- BAKER
-- UKM
-- YDXCP
-- C#P
-- BWX
-- CDX
-- CUX
-- AGL
-- DLC
082 00 - DEWEY DECIMAL CLASSIFICATION NUMBER
Classification number 576.5
Edition number 22
Item number SNN 2010
100 1# - MAIN ENTRY--PERSONAL NAME
Personal name Snustad, D. Peter; Simmons, Michael J.
9 (RLIN) 403
245 10 - TITLE STATEMENT
Title Principles of Genetics
250 ## - EDITION STATEMENT
Edition statement 5th ed.
260 ## - PUBLICATION, DISTRIBUTION, ETC. (IMPRINT)
Place of publication, distribution, etc. Hoboken, NJ :
Name of publisher, distributor, etc. John Wiley & Sons,
Date of publication, distribution, etc. c2009.
300 ## - PHYSICAL DESCRIPTION
Extent xix, 823 p. :
Other physical details col.ill.;
Dimensions 28 cm.
504 ## - BIBLIOGRAPHY, ETC. NOTE
Bibliography, etc Includes bibliographical references and index.
650 #0 - SUBJECT ADDED ENTRY--TOPICAL TERM
Topical term or geographic name as entry element Genetics.
9 (RLIN) 404
856 41 - ELECTRONIC LOCATION AND ACCESS
Materials specified Table of contents only
Uniform Resource Identifier http://www.loc.gov/catdir/toc/ecip0826/2008036127.html
906 ## - LOCAL DATA ELEMENT F, LDF (RLIN)
a 7
b cbc
c orignew
d 1
e ecip
f 20
g y-gencatlg
942 ## - ADDED ENTRY ELEMENTS (KOHA)
Source of classification or shelving scheme Other/Generic Classification Scheme
Koha item type Book Bank
Holdings
Withdrawn status Lost status Source of classification or shelving scheme Damaged status Not for loan Home library Current library Date acquired Source of acquisition Inventory number Total Checkouts Full call number Barcode Date last seen Koha item type Date last checked out Total Renewals
    Other/Generic Classification Scheme     MUST Main Library MUST Main Library 08/07/2014 Purchase 12/35954   576.5 SNN 2010 2014-0402 08/07/2014 Book Bank    
    Other/Generic Classification Scheme     MUST Main Library MUST Main Library 08/07/2014 Purchase 12/35957   576.5 SNN 2010 2014-0403 08/07/2014 Book Bank    
    Other/Generic Classification Scheme     MUST Main Library MUST Main Library 08/07/2014 Purchase 12/35956   576.5 SNN 2010 2014-0404 08/07/2014 Book Bank    
    Other/Generic Classification Scheme     MUST Main Library MUST Main Library 08/07/2014 Purchase 12/35955 1 576.5 SNN 2010 2014-0405 06/05/2022 Book Bank 03/09/2019  
    Other/Generic Classification Scheme     MUST Main Library MUST Main Library 31/10/2019 Purchase 12/35958 1 576.5 SNN 2010 2019-0589 21/05/2021 Open Shelf 23/04/2021 1